[Event "Titled Tuesday intern op 09th Jul Early"]
[Site "Chess.com INT"]
[Date "2024.07.09"]
[Round "9"]
[White "Solovjov, Alexandr"]
[Black "Shakirov, Marat"]
[Result "0-1"]
[WhiteElo "2237"]
[BlackElo "2167"]
[PlyCount "66"]
[EventDate "2024.07.09"]
[EventType "swiss (blitz)"]
[EventRounds "11"]
[EventCountry "USA"]
[SourceTitle "EXT 2025"]
[Source "ChessBase"]
[SourceDate "2024.10.14"]
[SourceVersion "1"]
[SourceVersionDate "2024.10.14"]
[SourceQuality "1"]

1. e4 c6 2. d4 d5 3. Nc3 dxe4 4. Nxe4 Bf5 5. Ng3 Bg6 6. Nf3 e6 7. h4 h6 8. h5 Bh7 9. Bd3 Bxd3 10. Qxd3 Nf6 11. Bd2 c5 12. 0-0-0 Nc6 13. Bc3 Qd5 14. Kb1 c4 15. Qe2 b5 16. Ne5 b4 17. Nxc6 Qxc6 18. Be1 Be7 19. f4 c3 20. b3 a5 21. f5 a4 22. fxe6 fxe6 23. Bf2 0-0 24. Rhe1 Ra6 25. Qc4 axb3 26. cxb3 Qxc4 27. bxc4 Rfa8 28. Re2 b3 29. axb3 Ra1+ 30. Kc2 R8a2+ 31. Kxc3 Rxe2 32. Rxa1 Rxf2 33. Ra8+ Kf7 0-1

[Event "Titled Tuesday intern op 25th Jun Late"]
[Site "Chess.com INT"]
[Date "2024.06.25"]
[Round "6"]
[White "Hernandez Izquierdo, Jose A"]
[Black "Solovjov, Alexandr"]
[Result "1/2-1/2"]
[WhiteElo "2209"]
[BlackElo "2237"]
[PlyCount "144"]
[EventDate "2024.06.25"]
[EventType "swiss (blitz)"]
[EventRounds "11"]
[EventCountry "USA"]
[SourceTitle "EXT 2025"]
[Source "ChessBase"]
[SourceDate "2024.10.14"]
[SourceVersion "1"]
[SourceVersionDate "2024.10.14"]
[SourceQuality "1"]

1. e4 c5 2. Nf3 d6 3. d4 cxd4 4. Nxd4 Nf6 5. Nc3 a6 6. f4 g6 7. e5 dxe5 8. fxe5 Nd5 9. Nxd5 Qxd5 10. Nf3 Qxd1+ 11. Kxd1 Nc6 12. Bf4 Bg7 13. h3 Bf5 14. c3 h6 15. Bc4 e6 16. Re1 g5 17. Bg3 g4 18. Nh4 0-0-0+ 19. Kc1 Bd3 20. Bb3 h5 21. Bf4 b5 22. Bc2 Kb7 23. hxg4 hxg4 24. g3 Bf8 25. Bxd3 Rxd3 26. Kc2 Rd5 27. Rad1 Rxd1 28. Rxd1 Kc7 29. a4 Be7 30. axb5 axb5 31. Ng2 Rh2 32. Rd2 b4 33. Ne3 Rh1 34. Nxg4 bxc3 35. bxc3 Na5 36. Rd4 Bc5 37. Ra4 Nc6 38. Re4 Rg1 39. Nf6 Rg2+ 40. Kd3 Ne7 41. Re2 Rg1 42. Ne4 Bb6 43. Ng5 Nf5 44. Nxf7 Nxg3 45. Bxg3 Rxg3+ 46. Kc2 Re3 47. Rxe3 Bxe3 48. Kd3 Bc1 49. Ke4 Kd7 50. c4 Ba3 51. Ng5 Ke7 52. Nf3 Bc5 53. Nd4 Bb6 54. Nb3 Bg1 55. c5 Kd7 56. Kd3 Kc6 57. Kc4 Bf2 58. Na5+ Kc7 59. Kb5 Bg3 60. Nc4 Bf4 61. c6 Bg3 62. Kc5 Bf2+ 63. Kb5 Bg3 64. Nb6 Bxe5 65. Na8+ Kc8 66. Kb6 Bd4+ 67. Kb5 e5 68. Kc4 Bg1 69. Kd5 Bh2 70. Nb6+ Kc7 71. Nd7 e4 72. Kxe4 Kxc6 1/2-1/2

[Event "Titled Tuesday intern op 25th Jun Late"]
[Site "Chess.com INT"]
[Date "2024.06.25"]
[Round "11"]
[White "Skaric, Djuro"]
[Black "Solovjov, Alexandr"]
[Result "0-1"]
[WhiteElo "2277"]
[BlackElo "2237"]
[PlyCount "64"]
[EventDate "2024.06.25"]
[EventType "swiss (blitz)"]
[EventRounds "11"]
[EventCountry "USA"]
[SourceTitle "EXT 2025"]
[Source "ChessBase"]
[SourceDate "2024.10.14"]
[SourceVersion "1"]
[SourceVersionDate "2024.10.14"]
[SourceQuality "1"]

1. g3 Nf6 2. Bg2 g6 3. d3 Bg7 4. e4 d6 5. Nc3 c5 6. h3 Nc6 7. f4 0-0 8. Nf3 Rb8 9. g4 Nd4 10. 0-0 b5 11. Ne2 Nxf3+ 12. Bxf3 Bb7 13. g5 Nd7 14. Ng3 f5 15. gxf6 Nxf6 16. f5 Nd7 17. Rb1 Ne5 18. Bg4 d5 19. Bf4 dxe4 20. Nxe4 gxf5 21. Bxe5 fxe4 22. Be6+ Kh8 23. Bxg7+ Kxg7 24. Qg4+ Kh8 25. dxe4 Qd4+ 26. Kh2 Qe5+ 27. Kg1 Rg8 28. Bxg8 Rxg8 29. Rbd1 Rxg4+ 30. hxg4 Qxe4 31. Kf2 Qf3+ 32. Ke1 Qe3# 0-1

[Event "Titled Tuesday intern op 25th Jun Late"]
[Site "Chess.com INT"]
[Date "2024.06.25"]
[Round "7"]
[White "Solovjov, Alexandr"]
[Black "Buchenau, Frank"]
[Result "0-1"]
[WhiteElo "2237"]
[BlackElo "2174"]
[PlyCount "82"]
[EventDate "2024.06.25"]
[EventType "swiss (blitz)"]
[EventRounds "11"]
[EventCountry "USA"]
[SourceTitle "EXT 2025"]
[Source "ChessBase"]
[SourceDate "2024.10.14"]
[SourceVersion "1"]
[SourceVersionDate "2024.10.14"]
[SourceQuality "1"]

1. e4 e6 2. d4 d5 3. Nc3 Nf6 4. e5 Nfd7 5. f4 c5 6. Nf3 Nc6 7. Be3 a6 8. Qd2 b5 9. a3 Qa5 10. Nd1 Qxd2+ 11. Kxd2 cxd4 12. Nxd4 Bb7 13. Bd3 Nc5 14. Nf2 Be7 15. b4 Na4 16. g4 Rc8 17. Nxc6 Rxc6 18. Bd4 h5 19. h3 Kd7 20. Rag1 hxg4 21. hxg4 Rcc8 22. Nd1 f6 23. f5 fxe5 24. fxe6+ Kd6 25. Bc5+ Nxc5 26. bxc5+ Kc6 27. Ne3 Bg5 28. Ke2 e4 29. Bxe4 dxe4 30. Nf5 Bf6 31. Rxh8 Rxh8 32. Rd1 Kxc5 33. Rd7 Bc6 34. Rc7 Kb6 35. Rf7 Rh2+ 36. Ke3 Rh3+ 37. Ke2 Bd5 38. e7 Bxf7 39. Nd6 Bg6 40. Nf7 Bxf7 41. e8Q Bxe8 0-1